Music Quiz

Random Music Quiz

Widespread Panic Trivia Quiz Stats

 Plays Quiz not verified by Sporcle

Challenge
Share
Tweet
Embed
Score 0/5 Timer 20:00
0 Plays Today
Hint Answer % Correct
Second lead guitarist's first name?George
81.8%
What was Houser's nickname?Panic
81.8%
Jack was really a:Jester
68.2%
What is the self-titled album's alternate title?Mom's Kitchen
59.1%
You can also catch Schools playing with:Government Mule
9.1%

You're not logged in!

Compare scores with friends on all Sporcle quizzes.
OR
Log In

You Might Also Like...

Show Comments

Extras

Created Jun 26, 2017ReportNominate
Tags:basic, panic, trivia, widespread

Top Quizzes Today


Score Distribution

Your Account Isn't Verified!

In order to create a playlist on Sporcle, you need to verify the email address you used during registration. Go to your Sporcle Settings to finish the process.

Report this User

Report this user for behavior that violates our Community Guidelines.

Details: